000 00483pab a2200157 454500
008 180718b xxu||||| |||| 00| 0 eng d
100 _aSwaminathan, Madhura
245 _aGainess and losers: a note on land and occupational mobility in a South Indian village, 1977-85
650 _a Occupational Mobility
650 _a Land
650 _a Tamil Nadu
650 _a Farm Ownership
650 _aFarm Ownership - India - Tamil Nadu
773 _aDevelopment and Change
909 _a2019
999 _c2019
_d2019